Secular Theology : (Record no. 603771)

MARC details
000 -LEADER
fixed length control field 00492nam a2200193 a 4500
008 - FIXED-LENGTH DATA ELEMENTS--GENERAL INFORMATION
fixed length control field 251216s2001##################000#0#eng##
020 ## - INTERNATIONAL STANDARD BOOK NUMBER
ISBN 9780415250511
082 04 - DEWEY DECIMAL CLASSIFICATION NUMBER
Classification number 230.046
Item number CRO
100 1# - MAIN ENTRY--AUTHOR NAME
Personal name Crockett, Clayton,
245 10 - TITLE STATEMENT
Title Secular Theology :
260 ## - PUBLICATION, DISTRIBUTION, ETC. (IMPRINT)
Name of publisher Psychology Press,
Year of publication 2001.
300 ## - PHYSICAL DESCRIPTION
Number of Pages 284 pages
650 #0 - SUBJECT ADDED ENTRY--TOPICAL TERM
Topical Term Philosophy.
942 ## - ADDED ENTRY ELEMENTS (KOHA)
Koha item type English Books
Holdings
Withdrawn status Lost status Damaged status Not for loan Home library Current library Shelving location Date acquired Full call number Accession Number Price effective from Koha item type
        Anna Centenary Library Anna Centenary Library 3RD FLOOR, B WING 22.12.2025 230.046 CRO 171647 22.12.2025 English Books

Find us on the map